LDR 00871nam a2200205 i 4500 001 000000103348 003 CaOOAMICUS 005 20260529130140.0 008 010927s1972 it u000 u ita u 040 $aSeMil$bita 245 12$a5: L'età della Rivoluzione industriale /$ca cura di Gaetano Arfè ... [et al.]. 300 $a919 p., [8] c. di tav., [52] p. di tav. 650 4$aRivoluzione industriale.$0(OLS)http://semarc/subject/13620 700 1 $aArfè, Gaetano <1925-2007>.$0(OLS)http://semarc/name/5970 773 0 $tStoria delle idee politiche economiche e sociali.$dTorino : UTET, 1972-1980.$g5$w()6674 850 $aSeMil 852 $aSeMil$W1$xVenegono$y1$mSL1.M VI 5$j59809$B59809$CSeMilBibl$Z2$F44295 $8I 961 $aAcquisto: UTET (Agente) 996 $6245$a5: L'età della Rivoluzione industriale$9(OLS)http://semarc/title/150145